| 000 | 01602cam a22003614a 4500 | ||
|---|---|---|---|
| 999 |
_c25449 _d25449 |
||
| 001 | 13128525 | ||
| 003 | BDDh-ASL | ||
| 005 | 20231015030504.0 | ||
| 008 | 030319s2003 flu b 001 0 eng | ||
| 010 | _a 2003006582 | ||
| 020 | _a0151007209 | ||
| 040 |
_aDLC _cDLC _dDLC _dBDDh-ASL |
||
| 042 | _apcc | ||
| 043 | _ae------ | ||
| 050 | 0 | 0 |
_aB734 _b.R79 2003 |
| 082 | 0 | 0 |
_a189.4 _221 _bRUA |
| 100 | 1 | _aRubenstein, Richard E. | |
| 245 | 1 | 0 |
_aAristotle's children : _bhow Christians, Muslims, and Jews rediscovered ancient wisdom and illuminated the Dark Ages / _cRichard E. Rubenstein. |
| 250 | _a1st ed. | ||
| 260 |
_aOrlando : _bHarcourt, _cc2003. |
||
| 300 |
_axii, 368 p. : _c24 cm. |
||
| 504 | _aIncludes bibliographical references (p. [337]-350) and index. | ||
| 600 | 0 | 0 |
_aAristotle _xInfluence. |
| 650 | 0 | _aScholasticism. | |
| 650 | 0 |
_aFaith and reason _xChristianity _xHistory of doctrines. |
|
| 856 | 4 | 1 |
_3Sample text _uhttp://www.loc.gov/catdir/samples/har051/2003006582.html |
| 856 | 4 | 1 |
_3Table of contents only _uhttp://www.loc.gov/catdir/toc/ecip041/2003006582.html |
| 856 | 4 | 2 |
_3Publisher description _uhttp://www.loc.gov/catdir/description/har031/2003006582.html |
| 856 | 4 | 2 |
_3Contributor biographical information _uhttp://www.loc.gov/catdir/enhancements/fy0643/2003006582-b.html |
| 906 |
_a7 _bcbc _corignew _d1 _eecip _f20 _gy-gencatlg |
||
| 942 |
_2ddc _cBK |
||